000
00282nam a22001097a 4500
020
_a
9788186095171
082
_a
664.02
_b
BAK/FO
245
_a
Food processing and preservation, Part-II
260
_a
New Delhi
_b
Jagmander Book Agency
_c
2013
700
_a
Bakshi, A.K
_9
403
942
_c
REF
999
_c
14015
_d
14015